000
00344nam a2200133Ia 4500
008
151021s9999 xx 000 0 und d
020
_a
078686317x
050
_a
PS3552.A682B48 1999
245
_a
_Flashpoint Linda Barnes
260
_a
New York HYperion 1999
300
_a
270p.
650
_a
_Novel
980
_a
^d20130208 11:54:20^oanne
999
_c
12850
_d
12850